000 00534nam a2200193Ia 4500
003 GCL
008 140319s9999 xx 000 0 ara d
040 _aGCL /
_cGCL
082 0 4 _aد
_b050
_bس ا
100 1 _aسفارة الهند
245 1 0 _aافاق الهند /
_cسفارة الهند
260 _a[S.N] :
_bسفارة الهند ،
_c1994
300 _a568 ص
490 _aالجغرافيا الاسلامية
_v0
650 0 4 _aالسياسة
650 0 4 _aالثقافة
650 0 4 _aالهند
942 _2ddc
_cCR
999 _c27027
_d27027